Largest Lakes by Continent - Statistics

General Stats
  • This quiz has been taken 43 times
    19 since last reset
  • The average score is 11 of 16
Answer Stats
Continent Area in Sq. Miles Answer % Correct
Asia 143,000 Caspian Sea
100%
Asia 12,200 Baikal
94%
North America 23,000 Huron
94%
North America 22,000 Michigan
94%
North America 31,700 Superior
94%
Africa 26,590 Victoria
94%
Africa 12,600 Tanganyika
88%
South America 3,232 Titicaca
88%
Europe 7,000 Ladoga
75%
Africa 11,400 Malawi
75%
Australia 3,668 Eyre
50%
Europe 3,750 Onega
50%
Antarctica* 4,800 Vostok*
44%
Europe 2,141 Vanern
25%
Asia 6,300 Balkash
19%
South America 714 General Carrera/Buenos Aires
0%
No matching quizzes found
Score Distribution
Percent of People with Each Score
Percentile by Number Answered
Your Score History
You have not taken this quiz since the last reset